01464nam a22003137a 4500999001700000003000900017008004100026020001800067040007100085082002400156100003200180245025600212260008600468300007600554500003200630650002100662650002900683650003200712650002000744650001800764700005100782700003800833700004000871710005800911710004500969942001601014945000801030952011201038 c22614d22614AR-CdUCM190409b ||||| |||| 00| 0 spa d a9786124634956 aMUNICIPALIDAD PROVINCIAL DEL CUSCOcBIBLIOTECA MUNICIPAL DEL CUSCO a324.620985/R75bR75 aRodríguez Cadilla, Roxana aEl voto en la historia del Perú :bconstruyendo ciudadanía /c[comité editorial, Francisco Artemio Távara Córdova, Raúl Diez Canseco Terry, Luis Miguel Iglesias León ... et al. ; investigación y redacción, Roxana Rodríguez-Cadilla] aLima :bJurado Nacional de Elecciones,bUniversidad San Ignacio de Loyola,c2015. a242, [1] páginas. :bil. (algunas col.), facsíms., retrs. ;c32 cm. zBibliografía: p. 238-242. aElecciones91677 aDerecho electoral944787 aPolítica y gobierno92693 aHistoria948666 aPerú948661 aTávara Córdova, Francisco Aeeditor948667 aDiez Canseco Terry, Raúl948668 aIglesias León, Luis Miguel948669 aJurado Nacional de Eleccionestentidad editora948650 aUniversidad San Ignacio de Loyola948670 2ddccLIBROS arac 002ddc4070aSHbSHcCARTd2022-11-29eDonacióng30.00o324.620985/R75pSH0000016451r2022-11-29yLIBROS